000 00865nam a2200229 i 4500
005 20160907020002.0
008 140303s1996 ck ||||| |||| 00| 0 spa d
040 _aCO-BoIAVH
_cCO-BoIAVH
041 0 _aspa
044 _ack
082 0 4 _a594.409861
_bB73o
100 1 _aBorrero, Francisco J.
245 1 0 _aOstras perlíferas (Bivalvia Pteriidae) en el Caribe colombiano :
_bHistoria de su explotación, ecología y perspectivas para su aprovechamiento.
_cFrancisco J. Borrero, Juan Manuel Díaz y Adriana Seczon.
260 _aSanta Marta :
_bINVEMAR,
_c1996
300 _a53 páginas ;
_c25 cm.
650 1 4 _aOstras
_zColombia
650 2 4 _aOstras perlíferas
_xCultivo
_zColombia
650 2 4 _aOstricultura
700 1 _aDíaz, Juan Manuel,
_eautor
700 1 _aSeczon, Adriana,
_eautora
942 _cLIBRO
_2ddc
_02
999 _c1895
_d1895